| 000 | 00583nmm a22001937a 4500 | ||
|---|---|---|---|
| 003 | OSt | ||
| 005 | 20240430112603.0 | ||
| 006 | eBook | ||
| 008 | 240430b |||||||| |||| 00| 0 eng d | ||
| 040 | _cMRSPTU | ||
| 100 |
_aAnthony Croft _dRobert Davison |
||
| 110 | _aMartin Hargreaves | ||
| 245 | _aEngineering Mathematics | ||
| 250 | _a4th | ||
| 260 |
_aNew Delhi _bPearson _c2012 |
||
| 600 | _2Mathematics | ||
| 856 |
_3Click here to access the e-book _uhttps://ebookcentral.proquest.com/lib/gzsptuc/detail.action?docID=5137598&query=Engineering+Mathematics |
||
| 942 |
_2ddc _cEB _n1 |
||
| 999 |
_c10173 _d10173 |
||